|
|
|
|
| LEADER |
00000cam a2200000 7i4500 |
| 001 |
0000032861 |
| 005 |
20220105104059.0 |
| 008 |
120627 |
| 020 |
|
|
|a 9812744940
|
| 020 |
|
|
|a 9812744944 (Set)
|
| 090 |
0 |
0 |
|a JP
|b EL ENG
|
| 100 |
1 |
|
|a Alexander, Andrian
|
| 245 |
1 |
0 |
|a Shapeys :
|b common senses
|c written and illustrated by Adrian Alexander
|
| 260 |
|
|
|a Sg :
|b Teachers@work ,
|c [s.n]
|
| 440 |
|
|
|a Shapeys; Level 2 Book A (Science)
|
| 500 |
|
|
|a Children age 4-6 years old (yellow)
|
| 650 |
|
0 |
|a Early childhood education
|
| 650 |
|
0 |
|a English fiction
|
| 999 |
|
|
|a 0001141610
|b Book
|c Children Collection
|e Perbadanan Perpustakaan Awam Johor
|
| 999 |
|
|
|a 0001141611
|b Book
|c Children Collection
|e Cawangan Taman Universiti
|
| 999 |
|
|
|a 0001141612
|b Book
|c Children Collection
|e Perbadanan Perpustakaan Awam Johor
|
| 999 |
|
|
|a 0001141613
|b Book
|c Children Collection
|e Cawangan Tangkak
|
| 999 |
|
|
|a 0001141614
|b Book
|c Children Collection
|e Cawangan Pontian
|
| 999 |
|
|
|a 0001141615
|b Book
|c Adult Collection
|e Cawangan Muar
|
| 999 |
|
|
|a 0001141616
|b Book
|c Children Collection
|e Cawangan Taman Universiti
|
| 999 |
|
|
|a 0001141618
|b Book
|c Children Collection
|e Cawangan Segamat
|
| 999 |
|
|
|a 0001141619
|b Book
|c Baby
|e Cawangan Bandar Tenggara
|
| 999 |
|
|
|a 0001141620
|b Book
|c Children Collection
|e Cawangan Taman Sri Lambak
|
| 999 |
|
|
|a 0001141622
|b Book
|c Children Collection
|e Cawangan Bukit Gambir
|
| 999 |
|
|
|a 0001141623
|b Book
|c Children Collection
|e Cawangan Taman Sri Lambak
|
| 999 |
|
|
|a 0001141626
|b Book
|c Children Collection
|e Cawangan Bandar Penawar
|
| 999 |
|
|
|a 0001141627
|b Book
|c Children Collection
|e Cawangan Tangkak
|